000 00790nam a2200253Ia 4500
003 GCL
008 140319s9999 xx 000 0 ara d
040 _aGCL /
_cGCL
082 0 4 _a973.38
_bع ح
100 1 _aعبدالعزيز حمودة
245 1 0 _aالحلم الامريكى /
_cعبدالعزيز حمودة
260 _a[S.N] :
_bدار سعاد الصباح ،
_c1993
300 _a330 ص
490 _a
650 0 4 _aالعصر الحديث
650 0 4 _aتاريخ
650 0 4 _aالاحوال الاجتماعية
650 0 4 _aالاحوال السياسية
650 0 4 _aالولايات المتحدة الامريكية
650 0 4 _aالوطن العربى
650 0 4 _aالعلاقات الخارجية
650 0 4 _aالثقافة
942 _2ddc
_cBK
999 _c55343
_d55343